Last Backwards Countries Quiz Stats

 Plays Quiz not verified by Sporcle

Score 0/15 Timer 08:00
0 Plays Today
Country % Correct
Yauguru
77.6%
Yaugarap
76.3%
Ynamreg
75.5%
Yawron
74.5%
Ylati
73.9%
Yekrut
68.1%
Yragnuh
65.9%
Ulavut
65.7%
Country % Correct
Urep
61.3%
Uruan
60.4%
Utaunav
59.1%
Ualap
58.5%
Ytic Nacitav
51.3%
Tpyge
49.7%
Uassib-Aeniug
32.9%

You're not logged in!

Compare scores with friends on all Sporcle quizzes.
OR
Log In

Show Comments

Extras

Created Oct 21, 2010ReportNominate
Tags:Country Quiz, backward, last, must, sorted

Top Quizzes Today


Score Distribution

Your Account Isn't Verified!

In order to create a playlist on Sporcle, you need to verify the email address you used during registration. Go to your Sporcle Settings to finish the process.

Report this User

Report this user for behavior that violates our Community Guidelines.

Details: